000 00300 a2200157 4500
001 161895
020 _a
040 _cMagnum
100 _aQuadros, Janio
240 1 0 _a15 Contos
_lpor
245 1 0 _a15 Contos
362 0 _a1899
440 1 _aNova Fronteira
697 _aA/CONTO
942 _cBK
999 _c161895
_d161895